Statistics for Capitals of Canada

Click here to take the quiz!

General Stats

  • This quiz has been taken 13 times
  • The average score is 11 of 13

Answer Stats

Province or TerritoryCity% Correct
AlbertaEdmonton
100%
SaskatchewanRegina
100%
OntarioToronto
100%
ManitobaWinnipeg
100%
Nova ScotiaHalifax
86%
QuebecQuebec
86%
Newfoundland and LabradorSaint John's
86%
British ColumbiaVictoria
86%
Yukon TerritoryWhitehorse
86%
Northwest TerritoriesYellowknife
86%
Prince Edward IslandCharlottetown
71%
New BrunswickFredericton
71%
NunavutIqaluit
57%

Score Distribution

Percentile by Number Answered

Percent of People with Each Score

Your Score History

You have not taken this quiz